00708nam a2200193 a 450000100100000000500170001000800410002702000140006804000250008208200130010710000400012024500670016026000450022730000290027250000570030150400280035895201110038699900170049700004360620201002044857.0140327s2001 dr a 000 0 spa d z393470058 aDO-SdBNPbspacBNPHU axxxbxxx1 aCamilo, Luis Ernesto,d1968-97141610aPasaporte en tiempo de globalización /cLuis Ernesto Camilo. aSanto Domingo :bAmigo del Hogar,c2001. a174 p. :bil., ;c22 cm. aIncluye datos biográficos del autor en las solapas aBibliografía : p. 173 0010718PDaPDbPDcHDd2014-03-27iLF1l0oxxx xxxp43606-10r2020-06-25w2020-06-25yLFPDZNo se presta c43095d43095